000 00320nam a2200121Ia 4500
008 190216s9999||||xx |||||||||||||| ||und||
100 _aQazi Zameeruddin & Khanna V K
245 0 _aMathematics In Commerce And Economics
260 _bVikas Publishing House
_c1983
300 _a248p
650 _aCommerce
942 _cBK
999 _c5024
_d5024